000 00332nam a2200121Ia 4500
008 190216s9999||||xx |||||||||||||| ||und||
100 _a"Mishchenko A S, Solovyav And Fomenko"
245 0 _aProblems In Differential Geometry And Topology
260 _bMir Pubs Moscow
_c1981
300 _a206p
650 _aMathematics
942 _cBK
999 _c31030
_d31030